000 00571nam a2200241 a 4500
001 nice12345678
003 IN_TiNIC
005 20260116011737.0
008 050524s1969 hyda grp 000 0 urd
020 _a
_c2.5
082 0 0 _a891.43
_bAFA
100 _aAfandi, Najam
245 _aBanda-E-Khuda
260 _aHyderabad
_bMarkazi Anjuman Taleemus Salat
_c1969
300 _a120p
500 _aincludes index and biblioraphy
505 2 _aUrdu-Arabic
650 _aFiction
700 1 _aAfandi, Najam
902 _bSRS
942 _cBK
999 _c3639
_d3639